Al-Ahkam Jilid 1 : Undang-undang Malaysia kini

Bibliographic Details
Other Authors: Ahmad Ibrahim
Format: Book
Published: Kuala Lumpur : Dewan Bahasa dan Pustaka , 1990
Subjects:

MARC

LEADER 00000cam a2200000 7i4500
001 0000001041
005 20050622.0
020 |a 9836211810 
040 |a INS 
090 0 0 |a BP141.A1.   |b A63 1990 
245 0 0 |a Al-Ahkam Jilid 1 :   |b Undang-undang Malaysia kini   |c Prof. Ahmad Ibrahim (etal) 
260 |a Kuala Lumpur :   |b Dewan Bahasa dan Pustaka ,   |c 1990 
300 |a viiip :   |b 137p ;   |c 23 cm. 
500 |a Includes index 
650 0 0 |a Islamic Law   |z Malaysia 
700 0 |a Ahmad Ibrahim 
999 |a 0000004036   |b BOOK   |c Open Shelf   |e Default branch